| 000 | 00873nam a2200277 a 4500 | ||
|---|---|---|---|
| 001 | 25758 | ||
| 003 | CO-ViMGA | ||
| 008 | 141112s2004 ck r 000 u spa d | ||
| 020 | _a9789581414260 | ||
| 040 |
_aCO-ViMGA _bspa _cCO-ViMGA |
||
| 041 | _aSPA | ||
| 090 | _aN DAL5 | ||
| 100 | 1 |
_aDalmases, Antoni, 1953 - _939794 |
|
| 245 | 1 | 0 |
_aLa leyenda del rey Arturo y sus caballeros / _cadaptado por Antoni Dalmases ; ilustraciones Pere Ginard |
| 250 | _a1a ed. | ||
| 260 |
_aBogotá : _bCombel, _c2012 |
||
| 300 | _a190 p. : il. col. | ||
| 490 | _aTiempo de clásicos | ||
| 500 | _aIncluye índice. | ||
| 650 | 1 | 4 |
_aAUTORES ESPAÑOLES _9727 |
| 650 | 1 | 4 |
_aCABALLEROS Y CABALLERIA - NOVELA _939795 |
| 650 | 1 | 4 |
_aLIBROS DE CABALLERIAS - NOVELA _939796 |
| 650 | 1 | 4 |
_aLITERATURA ESPAÑOLA - SIGLO XXI _92250 |
| 700 | 1 |
_aGinard, Pere, 1974 - _939797 |
|
| 942 |
_2ddc _cBK |
||
| 999 |
_c5324 _d5324 |
||